| 000 | 00632nam a22001937a 4500 | ||
|---|---|---|---|
| 005 | 20241212132859.0 | ||
| 008 | 241212b |||||||| |||| 00| 0 eng d | ||
| 020 | _a0675064856 | ||
| 050 | _aQH313 ORA | ||
| 100 | _aOram, Raymond F. | ||
| 245 |
_aBiology Living Systems/ _bTeacher Annotated edition _cRaymond F. Oram with consultants, Paul J. Hummer Jr. & Robert C. Smoot |
||
| 250 | _a6th ed. | ||
| 260 |
_aColumbus, Ohio _bMerrill Publishing Company _c1989 |
||
| 300 |
_avarious paging _bill. some color _c24cm |
||
| 650 | _2Biology | ||
| 700 | _aHummer, Paul J. Jr. | ||
| 700 | _aSmoot, Robert C. | ||
| 942 |
_2lcc _cBK _e6th ed. _n0 |
||
| 999 |
_c2112 _d2112 |
||